| 000 | 00863cam a2200265 a 4500 | ||
|---|---|---|---|
| 008 | |||
| 020 | _a1861971613 (hbk.) | ||
| 049 | 0 | 0 | _aMAIN |
| 050 | 0 | 0 | _aREF HB171 GUI |
| 245 | 0 | 4 |
_aThe Economist guide to economic indicators : _bmaking sense of economics. |
| 246 | 3 | 0 | _aGuide to economic indicators. |
| 260 |
_aNew York : _bJohn Wiley, _cc1997. |
||
| 300 |
_aviii, 216 p. : _bill. ; _c23 cm. |
||
| 500 | _aIncludes index. | ||
| 500 | _aOriginally published as: 3rd ed. London : Profile Books, 1997. | ||
| 650 | 0 |
_aSocial sciences _xStatistics _xMethodology. |
|
| 650 | 0 |
_aEconomic indicators _xMethodology. |
|
| 650 | 0 |
_aEconomics _xMethodology. |
|
| 730 | 0 | _aEconomist (London, England) | |
| 907 |
_a.b10227817 _b29-01-07 _c29-01-07 |
||
| 003 | |||
| 005 | 20230120191426.0 | ||
| 040 | _cNUST | ||
| 942 | _cBOOKS | ||
| 999 |
_c100920 _d100920 |
||